| 000 | 00756cam a2200193 4500 | ||
|---|---|---|---|
| 001 | X113574 | ||
| 008 | 000000n2001 000 0 eng u | ||
| 035 | _a(Sirsi) u113574 | ||
| 100 | _aRedmond, J. | ||
| 245 | _aShock of the new | ||
| 260 | _c2001 | ||
| 490 |
_aBuilding _v266(8191) 29 June 2001, 47(1) |
||
| 520 | _aExplains why adjudication is becoming increasingly popular outside construction, particularly in relation to facilities management contracts. | ||
| 650 | _aMANAGEMENT-DISPUTE AVOIDANCE, MANAGEMENT AND RESOLUTION-DISPUTE MANAGEMENT AND RESOLUTION-ALTERNATIVE DISPUTE RESOLUTION-ADJUDICATION | ||
| 650 | _aALTERNATIVE DISPUTE RESOLUTION | ||
| 650 |
_aFACILITIES MANAGEMENT _96240 |
||
| 690 |
_aDispute resolution _96236 |
||
| 942 | _n0 | ||
| 999 |
_c67665 _d67665 |
||